Welcome to CU Library Online Public Access Catalogue (OPAC)

Cases in marketing management (Record no. 5706)

MARC details
000 -LEADER
fixed length control field 00408nam a22001457a 4500
005 - DATE AND TIME OF LATEST TRANSACTION
control field 20250508142754.0
008 - FIXED-LENGTH DATA ELEMENTS--GENERAL INFORMATION
fixed length control field 250508b |||||||| |||| 00| 0 eng d
020 ## - INTERNATIONAL STANDARD BOOK NUMBER
International Standard Book Number 9780273616948
050 ## - LIBRARY OF CONGRESS CALL NUMBER
Classification number HF5415
Item number .13 MAR
245 ## - TITLE STATEMENT
Title Cases in marketing management
Statement of responsibility, etc. edited by Ross Brennan
260 ## - PUBLICATION, DISTRIBUTION, ETC.
Place of publication, distribution, etc. London
Name of publisher, distributor, etc. Pitman Publishing
Date of publication, distribution, etc. c1995
300 ## - PHYSICAL DESCRIPTION
Extent viii, 252p;
Other physical details ill.;
700 ## - ADDED ENTRY--PERSONAL NAME
Personal name Brennan, Ross
942 ## - ADDED ENTRY ELEMENTS (KOHA)
Source of classification or shelving scheme Library of Congress Classification
Koha item type Books
Suppress in OPAC No
999 ## -
-- 5706
-- 5706
Holdings
Withdrawn status Lost status Source of classification or shelving scheme Damaged status Not for loan Collection Home library Current library Shelving location Date acquired Total checkouts Full call number Barcode Date last seen Copy number Price effective from Koha item type
    Library of Congress Classification     Non-fiction Undergraduate Library (Christ Temple) Undergraduate Library (Christ Temple) General stacks 05/08/2025   HF5415.13 MAR ulct00002300 05/08/2025 1 05/08/2025 Books
    Library of Congress Classification     Non-fiction Undergraduate Library (Christ Temple) Undergraduate Library (Christ Temple) General stacks 05/08/2025   HF5415.13 MAR ulct00002301 05/08/2025 2 05/08/2025 Books
© 2023-2024 Copyright: Central University Libraries. All Rights Reserved | Created by: Mahone Tech Office